Promises of God (Record no. 6816)

MARC details
000 -LEADER
fixed length control field 00525nam a2200229 a 4500
020 ## - INTERNATIONAL STANDARD BOOK NUMBER
ISBN
082 00 - DEWEY DECIMAL CLASSIFICATION NUMBER
Classification number 242
Author Cutter HAH
100 ## - MAIN ENTRY--AUTHOR NAME
Author name Hahn, Ernest
245 ## - TITLE STATEMENT
Title Promises of God
260 ## - PUBLICATION, DISTRIBUTION, ETC. (IMPRINT)
Place of publication Vaniyambadi
Name of publisher Concordia Press
Year of publication 1976
300 ## - PHYSICAL DESCRIPTION
Number of Pages 89p
500 ## - GENERAL NOTE
General note includes index and biblioraphy
505 2# - FORMATTED CONTENTS NOTE
Formatted contents note References
942 ## - ADDED ENTRY ELEMENTS (KOHA)
Koha item type Books
700 1# -
-- Hahn, Ernest
Holdings
Collection code Home library Current library Date acquired Cost, normal purchase price Full call number Accession Number Koha item type
  Henry Martyn Institute Library Henry Martyn Institute Library 12/20/2014 0.00 242 HAH 010884 Books
                   Copyright © 2026 | Henry Martyn Institute | Hyderabad | TS-500052 | INDIA | Implemented by hmi.edu.in
Hit-Count:

Powered by Koha